A lady's guide to fortune-hunting
Available copies
- 2 of 3 copies available at LARL/NWRL Consortium.
- 1 of 2 copies available at Lake Agassiz Regional Library. (Show preferred library)
Current holds
1 current hold with 3 total copies.
Show Only Available Copies
| Location | Call Number / Copy Notes | Barcode | Shelving Location | Status | Due Date |
|---|---|---|---|---|---|
| Crookston Public Library | IRW (Text) | 33500013642509 | Main | In transit | - |
| Hawley Public Library | IRW (Text) | 33500013642491 | Main | Available | - |
| Thief River Falls Public Library | IRW (Text) | 35500006607483 | Main | Available | - |
Record details
- ISBN: 9780593491348
- ISBN: 0593491343
-
Physical Description:
print
325 pages ; 24 cm
- Edition: First United States edition.
- Publisher: [New York] : Pamela Dorman Books / Viking, 2022.
- Copyright: ©2022
Content descriptions
| General Note: | "First published in hardcover in Great Britain by HarperFiction, 2022"--Title page verso. |
| Summary, etc.: | "A whip-smart debut that follows the adventures of ... Read More |
Search for related items by subject
| Genre: | Romance fiction.:2lcgft. Fictional Work Novels. Romance fiction. Historical fiction. Novels. |
Search for related items by series
| LDR | 03200cam a22005658i 4500 | ||
|---|---|---|---|
| 001 | 393148 | ||
| 003 | LARL_NWRL_CONSORTIUM | ||
| 005 | 20230720155701.0 | ||
| 008 | 220104t20222022nyu e 000 1 eng | ||
| 010 | . | ‡a 2021057475 | |
| 040 | . | ‡aDLC ‡beng ‡erda ‡cDLC ‡dBDX ‡dOCLCO ‡dOCLCF ‡dOCLCO ‡dY$5 ‡dJAS ‡dRNL ‡dIH9 ‡dTXSCH | |
| 019 | . | ‡a1290891784 | |
| 020 | . | ‡a9780593491348 ‡q(hardcover) | |
| 020 | . | ‡a0593491343 ‡q(hardcover) | |
| 035 | . | ‡a(OCoLC)1291346969 ‡z(OCoLC)1290891784 | |
| 042 | . | ‡apcc | |
| 043 | . | ‡ae-uk-en | |
| 082 | 0 | 0. | ‡a823/.92 ‡223 |
| 100 | 1 | . | ‡aIrwin, Sophie, ‡eauthor. |
| 245 | 1 | 2. | ‡aA lady's guide to fortune-hunting / ‡cSophie Irwin. |
| 250 | . | ‡aFirst United States edition. | |
| 264 | 1. | ‡a[New York] : ‡bPamela Dorman Books / Viking, ‡c2022. | |
| 264 | 4. | ‡c©2022 | |
| 300 | . | ‡a325 pages ; ‡c24 cm | |
| 336 | . | ‡atext ‡btxt ‡2rdacontent | |
| 337 | . | ‡aunmediated ‡bn ‡2rdamedia | |
| 338 | . | ‡avolume ‡bnc ‡2rdacarrier | |
| 490 | 0 | . | ‡aLady's guide ; ‡v1 |
| 500 | . | ‡a"First published in hardcover in Great Britain by HarperFiction, 2022"--Title page verso. | |
| 520 | . | ‡a"A whip-smart debut that follows the adventures of an entirely unconventional heroine who throws herself into the London Season to find a wealthy husband. But the last thing she expects is to find love ... Kitty Talbot needs a fortune. Or rather, she needs a husband who has a fortune. Left with her father's massive debts, she has only twelve weeks to save her family from ruin. Kitty has never been one to back down from a challenge, so she leaves home and heads toward the most dangerous battleground in all of England: the London season. Kitty may be neither accomplished nor especially genteel-but she is utterly single-minded; imbued with cunning and ingenuity, she knows that risk is just part of the game. The only thing she doesn't anticipate is Lord Radcliffe. The worldly Radcliffe sees Kitty for the mercenary fortune-hunter that she really is and is determined to scotch her plans at all costs, until their parrying takes a completely different turn ... This is a frothy pleasure, full of brilliant repartee and enticing wit--one that readers will find an irresistible delight"-- ‡cProvided by publisher. | |
| 650 | 0. | ‡aMan-woman relationships ‡vFiction. ‡0(LARL_NWRL_CONSORTIUM)165985 | |
| 650 | 0. | ‡aCourtship ‡vFiction. ‡0(LARL_NWRL_CONSORTIUM)164162 | |
| 650 | 0. | ‡aFortune hunters ‡vFiction. | |
| 650 | 0. | ‡aUpper class ‡zGreat Britain ‡y19th century ‡vFiction. | |
| 651 | 0. | ‡aLondon (England) ‡xHistory ‡y19th century ‡vFiction. | |
| 650 | 7. | ‡aFICTION / Romance / Historical / Regency ‡2bisacsh | |
| 650 | 7. | ‡aMan-woman relationship ‡vFiction. ‡2sears | |
| 650 | 7. | ‡aUpper class ‡vFiction. ‡2sears ‡0(LARL_NWRL_CONSORTIUM)167800 | |
| 651 | 7. | ‡aLondon (England) ‡xHistory ‡vFiction. ‡2sears | |
| 655 | 0. | ‡aRomance fiction.:2lcgft. | |
| 655 | 2. | ‡aFictional Work | |
| 655 | 7. | ‡aNovels. ‡2fast | |
| 655 | 7. | ‡aRomance fiction. ‡2lcgft | |
| 655 | 7. | ‡aHistorical fiction. ‡2lcgft | |
| 655 | 7. | ‡aNovels. ‡2lcgft | |
| 776 | 0 | 8. | ‡iOnline version: ‡aIrwin, Sophie. ‡tLady's guide to fortune-hunting ‡dNew York : Pamela Dorman Books, 2022 ‡z9780593491355 ‡w(DLC) 2021057476 |
| 901 | . | ‡a393148 ‡bOCoLC ‡c393148 ‡tbiblio ‡soclc | |

Add to basket
Permalink
Disable Highlighting